| 000 | 00471nab a2200145Ia 4500 | ||
|---|---|---|---|
| 003 | ES-SlBCS | ||
| 005 | 20210601125121.0 | ||
| 008 | 140529s1981 xxu||||| |||| 00| 0 eng d | ||
| 041 | _aeng | ||
| 100 | 1 |
_aMaloney, J. Christopher _9132695 |
|
| 245 | 0 | 0 |
_aEsse in the Metaphysics of Thomas Aquinas _c J. Christopher Maloney |
| 600 | 0 | 4 |
_aTomás de Aquino-Metafísica _9131960 |
| 773 | 0 |
_tNew Scholasticism (The) _gvol. 55, nº. 2, 1981, págs. 159-177 _wRev1674 |
|
| 942 | _cAR | ||
| 999 |
_c524999 _d524999 |
||